Особенности процесса ионизации и стабилизации двухэлектронного атома в сильном электромагнитном поле; Журнал экспериментальной и теоретической физики; Т. 126, вып. 2

Detalles Bibliográficos
Parent link:Журнал экспериментальной и теоретической физики=ЖЭТФ/ Российская академия наук (РАН) ; Отделение физических наук РАН.— , 1931-.— 0044-4510
Т. 126, вып. 2.— 2004.— с. 359-368
Outros autores: Волкова Е. А., Гридчин В. В., Попов А. М., Тихонова О. В.
Idioma:ruso
Publicado: 2004
Series:Атомы, спектры, излучение
Subjects:
Formato: MixedMaterials Capítulo de libro
KOHA link:https://koha.lib.tpu.ru/cgi-bin/koha/opac-detail.pl?biblionumber=431791

MARC

LEADER 00000naa2a2200000 4500
001 431791
005 20231101075418.0
035 |a (RuTPU)RU\TPU\prd\91964 
035 |a RU\TPU\prd\34322 
090 |a 431791 
100 |a 20101202a2004 k y0rusy50 ca 
101 0 |a rus 
102 |a RU 
200 1 |a Особенности процесса ионизации и стабилизации двухэлектронного атома в сильном электромагнитном поле  |f Е. А. Волкова, В. В. Гридчин, А. М. Попов, О. В. Тихонова 
225 1 |a Атомы, спектры, излучение 
320 |a Библиогр.: 20 назв. 
461 1 |0 (RuTPU)RU\TPU\prd\1443  |x 0044-4510  |t Журнал экспериментальной и теоретической физики  |l ЖЭТФ  |f Российская академия наук (РАН) ; Отделение физических наук РАН  |d 1931- 
463 1 |0 (RuTPU)RU\TPU\prd\91956  |t Т. 126, вып. 2  |v с. 359-368  |d 2004 
610 1 |a электромагнитное поле 
610 1 |a двухэлектронный атом 
610 1 |a ионизация 
610 1 |a стабилизация 
610 1 |a численное моделирование 
701 1 |a Волкова  |b Е. А. 
701 1 |a Гридчин  |b В. В. 
701 1 |a Попов  |b А. М. 
701 1 |a Тихонова  |b О. В. 
801 1 |a RU  |b 63413507  |c 20050329  |g PSBO 
801 2 |a RU  |b 63413507  |c 20101203  |g RCR 
942 |c BK